00424nam a2200181Ia 4500008004100000020001400041050001400055100001900069245002200088245003300110260001500143260001600158260000900174300001400183300002700197300001000224500000800234170918s9999 xx 000 0 und d a590438905 bJ735 1985 aJohnston, Tony 4aThe quilt story / cTony Johnston Tomie dePaola. aNew York : bScholastic, c1985 aunpaged : bcolored illustration ; c26cm. a400